|
|
|
|
| LEADER |
00000nab a2200000 ar4500 |
| 001 |
vtls011759025 |
| 003 |
SK-MaSNL |
| 005 |
20260303231815.0 |
| 008 |
180529c20170926xo mr|p|||||||000 b|slo |
| 038 |
|
|
|a SNSK
|
| 040 |
|
|
|a SNSK
|b slo
|e rda
|c SK
|
| 041 |
|
|
|a slo
|
| 043 |
|
|
|a e-xo- - -
|
| 044 |
|
|
|a xo
|c SK
|
| 080 |
|
|
|a 336.226.212.1
|2 2011
|
| 080 |
|
|
|a 347.95
|2 2011
|
| 245 |
0 |
0 |
|a Obec príde o 700 000 €, položí ju to na kolená?!
|b Sokoľany prehrali s Košičanmi spor o dane od U. S. Steel
|c [autor] kz; foto: autor, Miro Vacula/Život
|
| 300 |
|
|
|b Fotogr.
|
| 610 |
2 |
7 |
|a U. S. Steel (Košice, Slovensko)
|2 snsk
|9 656260
|
| 650 |
0 |
7 |
|a daň z nehnuteľnosti
|2 snsk
|9 2116
|
| 650 |
0 |
7 |
|a súdne spory
|2 snsk
|9 59780
|
| 651 |
|
7 |
|a Sokoľany (Slovensko)
|2 snsk
|9 31722
|
| 651 |
|
7 |
|a Košice-okolie (Slovensko : okres)
|2 snsk
|9 146743
|
| 651 |
|
7 |
|a Košice (Slovensko)
|2 snsk
|9 18694
|
| 773 |
0 |
|
|t Nový Čas
|g Roč. 27, č. 221 (26.9.2017), s. 8
|x 1335-4655
|
| 852 |
|
|
|a SNSK
|b KIS3GCP
|
| 856 |
4 |
1 |
|u https://www.cas.sk/diskusia/598915/sokolany-prehrali-s-kosicami-spor-o-dane-od-u-s-steelu-obec-pride-o-700-000-polozi-ju-to-na-kolena/
|
| 999 |
|
|
|c 2268752
|d 2270682
|